000 00490nam a2200181Ia 4500
008 100920s9999 xx 000 0 und d
082 _b78909
_a20 थ 96
100 _a---
245 _aNATIONAL GEOGRAPHIC.
260 _bNATIONAL GEOGRAPHIC SOCIETY ,WASHINGTON.
_c1996
300 _a150
_bसाधी
365 _b150
520 _aरेफरन्स.
630 _aNATIONAL GEOGRAPHIC.
650 _aरेफरन्स.
730 _aNATIONAL GEOGRAPHIC.
942 _cBOOK
999 _c720033
_d720030